| 000 | 01042cas a22002535 4500 | ||
|---|---|---|---|
| 001 | L154285 | ||
| 008 | 111109c2010 xxuqr ws s 0 a0eng u | ||
| 035 | _a(Sirsi) u154285 | ||
| 041 | 0 | _aeng | |
| 050 | _a333.33 $2 18 | ||
| 110 | 2 |
_aColliers International _95548 |
|
| 245 | 0 | 0 |
_aUnited States Retail Highlights _h[electronic resource] |
| 260 |
_aSeattle _bColliers _c2010- |
||
| 362 | 0 | _aFall 2010- | |
| 490 | 0 |
_aColliers International United States Retail Highlights _vFall 2010- |
|
| 520 | _aOverview of the US retail property market. Provides market indicators, summary statistics, the economic outlook, shopping centre statistics to city level , and retailer report cards. | ||
| 554 | _aTwo per year | ||
| 650 | 2 | 4 | _aCOLLIERS INTERNATIONAL UNITED STATES HIGHLIGHTS |
| 651 | 4 |
_aUnited States _y1959- |
|
| 651 | 4 | _aCanada | |
| 690 | _aPROPERTY-COMMERCIAL PROPERTY-COMMERCIAL PROPERTY MARKET | ||
| 856 | 4 | 8 |
_uhttps://www.colliers.com/Country/UnitedStates/Reports _zView the report free of charge at www.colliers.com |
| 942 | _n0 | ||
| 999 |
_c119365 _d119365 |
||